<?xml version="1.0" encoding="UTF-8"?>
<record
    xmlns:xsi="http://www.w3.org/2001/XMLSchema-instance"
    xsi:schemaLocation="http://www.loc.gov/MARC21/slim http://www.loc.gov/standards/marcxml/schema/MARC21slim.xsd"
    xmlns="http://www.loc.gov/MARC21/slim">

  <leader>01683nam a2200289 a 4500</leader>
  <controlfield tag="001">000023117</controlfield>
  <controlfield tag="005">20200930022011.0</controlfield>
  <controlfield tag="008">101126s1999    mx      r     000 | spa d</controlfield>
  <datafield tag="020" ind1=" " ind2=" ">
    <subfield code="a">9685087024</subfield>
  </datafield>
  <datafield tag="082" ind1=" " ind2=" ">
    <subfield code="a">xxx</subfield>
    <subfield code="b">P418c</subfield>
  </datafield>
  <datafield tag="245" ind1="1" ind2="0">
    <subfield code="a">Pensar las ciencias sociales hoy :</subfield>
    <subfield code="b">reflexiones desde la cultura /</subfield>
    <subfield code="c">coordinaci&#xF3;n de Rossana Reguillo Cruz; Ra&#xFA;l Fuentes Navarro.</subfield>
  </datafield>
  <datafield tag="260" ind1=" " ind2=" ">
    <subfield code="a">Tlaquepaque :</subfield>
    <subfield code="b">ITESO,</subfield>
    <subfield code="c">1999.</subfield>
  </datafield>
  <datafield tag="300" ind1=" " ind2=" ">
    <subfield code="a">250 p. ;</subfield>
    <subfield code="c">23 cm.</subfield>
  </datafield>
  <datafield tag="500" ind1=" " ind2=" ">
    <subfield code="a">Incluye notas al pie de p&#xE1;ginas</subfield>
  </datafield>
  <datafield tag="505" ind1=" " ind2=" ">
    <subfield code="t">Ciencias sociales, globalizaci&#xF3;n y paradigmas /</subfield>
    <subfield code="r">Renato Ortiz</subfield>
    <subfield code="t">De c&#xF3;mo Clifford Geetz y Pierre Bourdieu llegaron al exilio /</subfield>
    <subfield code="r">N&#xE9;stor Garc&#xED;a Canclini</subfield>
    <subfield code="t">La importacia estrat&#xE9;gica de los estudios culturales en el campo de la ciencias sociales /</subfield>
    <subfield code="r">Gilberto Gim&#xE9;nez</subfield>
    <subfield code="t">Las culturas emergentes en las ciencias sociales /</subfield>
    <subfield code="r">Rossana Reguillo</subfield>
    <subfield code="t">Interculturalidad y estados nacionales /</subfield>
    <subfield code="r">Jos&#xE9; Manuel Valenzuela Arce</subfield>
    <subfield code="t">La reconfiguraci&#xF3;n de la sociedad y pol&#xED;tica : compromisos y desaf&#xED;os para las ciencias sociales /</subfield>
    <subfield code="r">Juan Manuel Ram&#xED;rez S&#xE1;iz</subfield>
    <subfield code="t">Pol&#xED;ticas cient&#xED;ficas y ciencias sociales /</subfield>
    <subfield code="r">Larissa Adler-Lomnitz</subfield>
    <subfield code="t">Institucionalizaci&#xF3;n y posdisciplinarizaci&#xF3;n de las ciencias sociales en M&#xE9;xico /</subfield>
    <subfield code="r">Ra&#xFA;l Fuentes Navarro</subfield>
  </datafield>
  <datafield tag="700" ind1="1" ind2=" ">
    <subfield code="a">Fuentes Navarro, Ra&#xFA;l</subfield>
    <subfield code="9">33900</subfield>
  </datafield>
  <datafield tag="700" ind1="1" ind2=" ">
    <subfield code="a">Ortiz, Renato</subfield>
    <subfield code="9">47587</subfield>
  </datafield>
  <datafield tag="700" ind1="1" ind2=" ">
    <subfield code="a">Garc&#xED;a Canclini, N&#xE9;stor</subfield>
    <subfield code="9">47588</subfield>
  </datafield>
  <datafield tag="700" ind1="1" ind2=" ">
    <subfield code="a">Gim&#xE9;nez, Gilberto</subfield>
    <subfield code="9">47589</subfield>
  </datafield>
  <datafield tag="700" ind1="1" ind2=" ">
    <subfield code="a">Reguillo Cruz, Rossana</subfield>
    <subfield code="9">47590</subfield>
  </datafield>
  <datafield tag="700" ind1="1" ind2=" ">
    <subfield code="a">Valenzuela Arce, Jos&#xE9; Manuel</subfield>
    <subfield code="9">47591</subfield>
  </datafield>
  <datafield tag="700" ind1="1" ind2=" ">
    <subfield code="a">Ram&#xED;rez S&#xE1;iz, Juan Manuel</subfield>
    <subfield code="9">47592</subfield>
  </datafield>
  <datafield tag="700" ind1="1" ind2=" ">
    <subfield code="a">Adler-Lomnitz, Larissa</subfield>
    <subfield code="9">47593</subfield>
  </datafield>
  <datafield tag="700" ind1="1" ind2=" ">
    <subfield code="a">Fuentes Navarro , Ra&#xFA;l</subfield>
    <subfield code="9">33900</subfield>
  </datafield>
  <datafield tag="049" ind1=" " ind2=" ">
    <subfield code="a">BNGR</subfield>
  </datafield>
  <datafield tag="952" ind1=" " ind2=" ">
    <subfield code="0">0</subfield>
    <subfield code="1">0</subfield>
    <subfield code="5">0</subfield>
    <subfield code="7">1</subfield>
    <subfield code="8">MO</subfield>
    <subfield code="a">GR</subfield>
    <subfield code="b">GR</subfield>
    <subfield code="c">CT</subfield>
    <subfield code="d">2010-11-26</subfield>
    <subfield code="i">LF1</subfield>
    <subfield code="l">0</subfield>
    <subfield code="o">xxx P418c</subfield>
    <subfield code="p">23117-10</subfield>
    <subfield code="r">2020-06-25</subfield>
    <subfield code="w">2020-06-25</subfield>
    <subfield code="y">1</subfield>
    <subfield code="Z">No se presta</subfield>
  </datafield>
  <datafield tag="999" ind1=" " ind2=" ">
    <subfield code="c">22614</subfield>
    <subfield code="d">22614</subfield>
  </datafield>
  <datafield tag="040" ind1=" " ind2=" ">
    <subfield code="a">DO-SdBNP</subfield>
  </datafield>
</record>
